[Event "Arandjelovac op 1st"]
[Site "Arandjelovac"]
[Date "2023.03.22"]
[Round "9"]
[White "Cabrilo, Goran"]
[Black "Isha, Sharma"]
[Result "0-1"]
[WhiteElo "2315"]
[BlackElo "2197"]
[PlyCount "69"]
[EventDate "2023.03.15"]
[EventType "swiss"]
[EventRounds "9"]
[EventCountry "SRB"]
[SourceTitle "CBM 213 Extra"]
[Source "ChessBase"]
[SourceDate "2023.05.31"]
[SourceVersion "1"]
[SourceVersionDate "2023.05.31"]
[SourceQuality "1"]

1. e4 e5 2. Nf3 Nc6 3. Bb5 a6 4. Ba4 Nf6 5. d3 d6 6. c3 g6 7. 0-0 Bg7 8. Nbd2 0-0 9. Re1 b5 10. Bb3 Na5 11. Bc2 c5 12. Nf1 h6 13. h3 Nc6 14. Ne3 d5 15. exd5 Nxd5 16. Ng4 Bxg4 17. hxg4 Rc8 18. Nd2 b4 19. Ne4 Qe7 20. Bb3 Nf6 21. Qf3 Nxe4 22. dxe4 Nd8 23. Bc4 a5 24. Qh3 g5 25. Bd2 Ne6 26. Qf3 Rfd8 27. Red1 Rd6 28. Be3 Qd7 29. g3 Rd8 30. Rxd6 Qxd6 31. Kg2 Rd7 32. a3 Nc7 33. axb4 axb4 34. cxb4 cxb4 35. Ra7 0-1

[Event "Belgrade Gligoric 100 Ann op"]
[Site "Belgrade"]
[Date "2023.02.05"]
[Round "10"]
[White "Cabrilo, Goran"]
[Black "Mijatovic, Dusan"]
[Result "1-0"]
[WhiteElo "2315"]
[BlackElo "2213"]
[PlyCount "89"]
[EventDate "2023.02.05"]
[EventType "swiss (blitz)"]
[EventRounds "11"]
[EventCountry "SRB"]
[SourceTitle "EXT 2024"]
[Source "ChessBase"]
[SourceDate "2023.10.10"]
[SourceVersion "1"]
[SourceVersionDate "2023.10.10"]
[SourceQuality "1"]

1. Nf3 d5 2. g3 Bg4 3. Bg2 Nd7 4. d4 e6 5. 0-0 Ngf6 6. Nbd2 c6 7. Re1 Be7 8. e4 0-0 9. c3 Bh5 10. Qb3 Qb6 11. Nh4 dxe4 12. Nxe4 Nxe4 13. Rxe4 Nf6 14. Re1 Nd5 15. Nf3 Rfd8 16. Ne5 Bf6 17. Bd2 Rac8 18. Nc4 Qxb3 19. axb3 a6 20. h3 c5 21. Bxd5 exd5 22. Nb6 Rc6 23. Nxd5 cxd4 24. cxd4 Bf3 25. Nxf6+ Rxf6 26. Re3 h5 27. Bc3 Bd5 28. h4 Re6 29. b4 Rde8 30. Rae1 Re4 31. Bd2 f5 32. Rxe4 Rxe4 33. Be3 Re6 34. Rc1 Rc6 35. Rc5 Rxc5 36. bxc5 Kf7 37. Kf1 Ke6 38. Ke1 Be4 39. Kd2 Kd5 40. Kc3 Bg2 41. Kb4 Bf1 42. Ka5 Kc6 43. d5+ Kxd5 44. Kb6 Bb5 45. Kxb7 1-0

[Event "Belgrade-chT Quality"]
[Site "Belgrade"]
[Date "2022.10.01"]
[Round "1.1"]
[White "Cabrilo, Goran"]
[Black "Damjanovic, Vuk"]
[Result "1/2-1/2"]
[WhiteElo "2316"]
[BlackElo "2366"]
[PlyCount "60"]
[EventDate "2022.10.01"]
[EventType "team-tourn"]
[EventRounds "11"]
[EventCountry "SRB"]
[SourceTitle "CBM 210 Extra"]
[Source "ChessBase"]
[SourceDate "2022.11.30"]
[SourceVersion "1"]
[SourceVersionDate "2022.11.30"]
[SourceQuality "1"]
[WhiteTeam "Belgrade Mladenovac"]
[BlackTeam "Belgrade Itaka"]
[WhiteTeamCountry "SRB"]
[BlackTeamCountry "SRB"]

1. e4 Nc6 2. Nf3 d6 3. d4 Nf6 4. c3 g6 5. Bb5 a6 6. Ba4 Bd7 7. Nbd2 Bg7 8. 0-0 0-0 9. Re1 b5 10. Bc2 e5 11. h3 a5 12. Nf1 a4 13. Ng3 Re8 14. Be3 Qb8 15. Qd2 b4 16. d5 bxc3 17. bxc3 Na5 18. Rab1 Qc8 19. Bd3 Nb7 20. Rb2 Nc5 21. Bxc5 dxc5 22. Bb5 Bf8 23. Reb1 Bd6 24. Qe2 h5 25. Nd2 Bxb5 26. Rxb5 Qa6 27. Nc4 Nd7 28. Nf1 Kg7 29. Nfd2 Reb8 30. Rxb8 Rxb8 1/2-1/2

[Event "Arandjelovac ASK-09 IM"]
[Site "Arandjelovac"]
[Date "2022.03.16"]
[Round "4"]
[White "Andreev, Konstantin"]
[Black "Cabrilo, Goran"]
[Result "0-1"]
[WhiteElo "2186"]
[BlackElo "2331"]
[PlyCount "98"]
[EventDate "2022.03.14"]
[EventType "tourn"]
[EventRounds "9"]
[EventCountry "SRB"]
[SourceTitle "CBM 207 Extra"]
[Source "ChessBase"]
[SourceDate "2022.05.31"]
[SourceVersion "1"]
[SourceVersionDate "2022.05.31"]
[SourceQuality "1"]

1. e4 c5 2. Nf3 d6 3. d4 cxd4 4. Nxd4 Nf6 5. Nc3 Nc6 6. Bg5 Qb6 7. Nb3 e6 8. Bxf6 gxf6 9. Qd2 h5 10. f4 a6 11. 0-0-0 Bd7 12. Kb1 0-0-0 13. Be2 Kb8 14. Bf3 Na5 15. Nxa5 Qxa5 16. f5 Bc8 17. a3 h4 18. fxe6 fxe6 19. Bg4 Bg7 20. Bh3 Qe5 21. Qf2 Bd7 22. Qb6 Bc6 23. Qb3 Rhe8 24. Rhe1 Rc8 25. Nd5 Bb5 26. Nb6 Rcd8 27. a4 Bc6 28. Bg4 Qc5 29. Bf3 Ka7 30. Nc4 d5 31. exd5 exd5 32. Ne3 Re5 33. Ng4 Rf5 34. a5 Qxa5 35. Re7 Bf8 36. Rf7 Qc5 37. Qd3 Rf4 38. Ne3 Rb4 39. Bxd5 f5 40. c4 Bh6 41. Nxf5 Bxd5 42. cxd5 Qb6 43. Qe2 Qg6 44. Qe7 Rd7 45. Qc5+ Rb6 46. Rxd7 Qxf5+ 47. Ka1 Qxd7 48. Rd3 Qb5 49. Qd4 Bg7 0-1

[Event "Arandjelovac ASK-09 IM"]
[Site "Arandjelovac"]
[Date "2022.03.15"]
[Round "2"]
[White "Cabrilo, Goran"]
[Black "Runic, Zoran"]
[Result "1/2-1/2"]
[WhiteElo "2331"]
[BlackElo "2279"]
[PlyCount "35"]
[EventDate "2022.03.14"]
[EventType "tourn"]
[EventRounds "9"]
[EventCountry "SRB"]
[SourceTitle "CBM 207 Extra"]
[Source "ChessBase"]
[SourceDate "2022.05.31"]
[SourceVersion "1"]
[SourceVersionDate "2022.05.31"]
[SourceQuality "1"]

1. e4 c5 2. Nf3 d6 3. d4 cxd4 4. Nxd4 Nf6 5. Nc3 g6 6. Be2 Bg7 7. 0-0 0-0 8. Be3 Nc6 9. Nb3 Be6 10. f4 Rc8 11. Kh1 a6 12. Bf3 Nd7 13. Rb1 Bc4 14. Rf2 b5 15. a3 Bxc3 16. bxc3 Nb6 17. Qe1 Re8 18. Nd2 1/2-1/2

[Event "Arandjelovac ASK-8 IM"]
[Site "Arandjelovac"]
[Date "2022.03.09"]
[Round "4"]
[White "Joshua, AP."]
[Black "Cabrilo, Goran"]
[Result "0-1"]
[WhiteElo "2144"]
[BlackElo "2331"]
[PlyCount "58"]
[EventDate "2022.03.07"]
[EventType "tourn"]
[EventRounds "9"]
[EventCountry "SRB"]
[SourceTitle "CBM 207 Extra"]
[Source "ChessBase"]
[SourceDate "2022.05.31"]
[SourceVersion "1"]
[SourceVersionDate "2022.05.31"]
[SourceQuality "1"]

1. Nf3 Nf6 2. g3 d5 3. Bg2 c6 4. 0-0 Bg4 5. h3 Bh5 6. d3 Nbd7 7. c4 e6 8. cxd5 exd5 9. Nc3 Be7 10. Nh4 0-0 11. g4 Bg6 12. Nxg6 hxg6 13. e4 dxe4 14. dxe4 Nc5 15. e5 Nfd7 16. f4 g5 17. h4 Ne6 18. f5 Nf4 19. Bxf4 gxf4 20. e6 fxe6 21. Qb3 Kh8 22. Qxe6 Bf6 23. Rad1 Qb6+ 24. Kh1 Ne5 25. Rxf4 Qe3 26. Rf3 Qh6 27. g5 Bxg5 28. Rff1 Rae8 29. Qb3 Qxh4+ 0-1

[Event "Belgrade-chT Quality"]
[Site "Belgrade"]
[Date "2021.11.14"]
[Round "10.1"]
[White "Cabrilo, Goran"]
[Black "Radojicic, Aleksandar M"]
[Result "1/2-1/2"]
[WhiteElo "2370"]
[BlackElo "2036"]
[PlyCount "100"]
[EventDate "2021.10.16"]
[EventType "team-tourn"]
[EventRounds "11"]
[EventCountry "SRB"]
[SourceTitle "EXT 2023"]
[Source "ChessBase"]
[SourceDate "2022.10.05"]
[SourceVersion "1"]
[SourceVersionDate "2022.10.05"]
[SourceQuality "1"]
[WhiteTeam "Belgrade Mladenovac"]
[BlackTeam "Belgrade Zemun"]
[WhiteTeamCountry "SRB"]
[BlackTeamCountry "SRB"]

1. e4 c5 2. d3 Nc6 3. g3 g6 4. Bg2 Bg7 5. f4 d6 6. Nf3 e6 7. 0-0 Nge7 8. c3 0-0 9. Be3 f5 10. Nbd2 b6 11. Re1 fxe4 12. Nxe4 d5 13. Ned2 Qd6 14. Qe2 Bd7 15. Bf2 Rae8 16. Nb3 Nf5 17. Ne5 Nxe5 18. fxe5 Qc7 19. d4 c4 20. Nd2 b5 21. Nf3 a5 22. g4 Ne7 23. Qd2 Rb8 24. a3 Nc6 25. Be3 b4 26. axb4 axb4 27. h4 bxc3 28. bxc3 Rb3 29. Ra2 Rfb8 30. Rea1 Qb7 31. h5 Rb2 32. Rxb2 Qxb2 33. Qe1 Qc2 34. hxg6 hxg6 35. Bd2 Rb2 36. Kh2 Rb8 37. Kg3 Qd3 38. Bf1 Qc2 39. Rc1 Qb2 40. Be2 Na5 41. Bd1 Nb3 42. Rc2 Qb1 43. Bg5 Ra8 44. Rh2 Ra1 45. Rh1 Qd3 46. Qg1 Kf8 47. Qe1 Ba4 48. Bf6 Na5 49. Rh7 Bxf6 50. exf6 Bxd1 1/2-1/2

[Event "Arandjelovac ASK Mix-3"]
[Site "Arandjelovac"]
[Date "2021.11.04"]
[Round "6"]
[White "Mahitosh, Dey"]
[Black "Cabrilo, Goran"]
[Result "0-1"]
[WhiteElo "2229"]
[BlackElo "2370"]
[PlyCount "94"]
[EventDate "2021.10.31"]
[EventType "swiss"]
[EventRounds "10"]
[EventCountry "SRB"]
[SourceTitle "CBM 205 Extra"]
[Source "ChessBase"]
[SourceDate "2022.01.31"]
[SourceVersion "1"]
[SourceVersionDate "2022.01.31"]
[SourceQuality "1"]

1. e4 c5 2. Nf3 d6 3. d4 cxd4 4. Nxd4 Nf6 5. Nc3 Nc6 6. f3 e5 7. Nb3 Be7 8. Be3 a5 9. Na4 Be6 10. c4 Nd7 11. Nc3 a4 12. Nd2 Qa5 13. Rc1 Nc5 14. Be2 0-0 15. 0-0 Qb4 16. Nb5 Rfd8 17. a3 Qa5 18. Nc3 Nd4 19. Rf2 Bf6 20. Bf1 Rdc8 21. Nd5 Bxd5 22. exd5 Qd8 23. Bxd4 exd4 24. Ne4 Nxe4 25. fxe4 Bg5 26. Rcc2 Be3 27. g3 Qe7 28. Bd3 Qe5 29. Kg2 Bxf2 30. Rxf2 g6 31. Qg4 h5 32. Qd7 Rf8 33. h4 b6 34. Kh2 f6 35. Kg2 Rf7 36. Qc6 Raa7 37. Qc8+ Kg7 38. Rf4 Qe7 39. Kh3 Qd7+ 40. Qxd7 Rfxd7 41. g4 hxg4+ 42. Rxg4 Kh6 43. Rg2 Rg7 44. Rd2 f5 45. Bc2 fxe4 46. Rxd4 Raf7 47. Bxe4 g5 0-1

[Event "Arandjelovac ASK-1 IM"]
[Site "Arandjelovac"]
[Date "2021.10.16"]
[Round "2"]
[White "Deshmukh, Anup"]
[Black "Cabrilo, Goran"]
[Result "1/2-1/2"]
[WhiteElo "2201"]
[BlackElo "2370"]
[PlyCount "71"]
[EventDate "2021.10.15"]
[EventType "tourn"]
[EventRounds "9"]
[EventCountry "SRB"]
[EventCategory "1"]
[SourceTitle "EXT 2023"]
[Source "ChessBase"]
[SourceDate "2022.10.05"]
[SourceVersion "1"]
[SourceVersionDate "2022.10.05"]
[SourceQuality "1"]

1. c4 e5 2. Nc3 d6 3. g3 g6 4. d4 Nd7 5. Nf3 Bg7 6. Bg2 Ne7 7. 0-0 0-0 8. e4 exd4 9. Nxd4 Nc6 10. Nde2 a6 11. h3 Rb8 12. Be3 b5 13. cxb5 axb5 14. Rc1 Ne7 15. b4 Ne5 16. Bd4 N7c6 17. f4 Nxd4 18. Nxd4 c5 19. bxc5 dxc5 20. Ndxb5 Nd3 21. Rb1 Bxc3 22. Nxc3 Qd4+ 23. Kh2 Rxb1 24. Nxb1 Ba6 25. Qd2 Rb8 26. Qa5 Nb4 27. Rc1 c4 28. a3 Nd3 29. Rg1 Nc5 30. Nc3 Rb3 31. Nd5 Bb7 32. Qd8+ Kg7 33. e5 Bxd5 34. Qf6+ Kg8 35. Qd8+ Kg7 36. Qf6+ 1/2-1/2

[Event "Arandjelovac Mix"]
[Site "Arandjelovac"]
[Date "2021.10.07"]
[Round "8"]
[White "Cabrilo, Goran"]
[Black "Eryshkanova, Anastasiya"]
[Result "1/2-1/2"]
[WhiteElo "2370"]
[BlackElo "2199"]
[PlyCount "20"]
[EventDate "2021.10.02"]
[EventType "swiss"]
[EventRounds "10"]
[EventCountry "SRB"]
[SourceTitle "CBM 204 Extra"]
[Source "ChessBase"]
[SourceDate "2021.11.30"]
[SourceVersion "1"]
[SourceVersionDate "2021.11.30"]
[SourceQuality "1"]

1. e4 c5 2. Nc3 Nc6 3. g3 g6 4. Bg2 Bg7 5. d3 d6 6. f4 e6 7. Nf3 Nge7 8. 0-0 0-0 9. Be3 Nd4 10. Qd2 Nec6 1/2-1/2

[Event "Arandjelovac Mix"]
[Site "Arandjelovac"]
[Date "2021.10.04"]
[Round "3"]
[White "Pikula, Dejan"]
[Black "Cabrilo, Goran"]
[Result "1/2-1/2"]
[WhiteElo "2378"]
[BlackElo "2370"]
[PlyCount "33"]
[EventDate "2021.10.02"]
[EventType "swiss"]
[EventRounds "10"]
[EventCountry "SRB"]
[SourceTitle "CBM 204 Extra"]
[Source "ChessBase"]
[SourceDate "2021.11.30"]
[SourceVersion "1"]
[SourceVersionDate "2021.11.30"]
[SourceQuality "1"]

1. e4 e5 2. Nf3 Nc6 3. Bb5 a6 4. Ba4 Nf6 5. 0-0 Be7 6. Re1 b5 7. Bb3 d6 8. c3 0-0 9. h3 Nd7 10. d4 Bf6 11. Be3 Na5 12. Bc2 c5 13. d5 g6 14. a4 Rb8 15. axb5 axb5 16. b3 Bg7 17. Nbd2 1/2-1/2

[Event "Arandjelovac Mix"]
[Site "Arandjelovac"]
[Date "2021.10.02"]
[Round "1"]
[White "Popchev, Milko"]
[Black "Cabrilo, Goran"]
[Result "1/2-1/2"]
[WhiteElo "2222"]
[BlackElo "2370"]
[PlyCount "35"]
[EventDate "2021.10.02"]
[EventType "swiss"]
[EventRounds "10"]
[EventCountry "SRB"]
[SourceTitle "CBM 204 Extra"]
[Source "ChessBase"]
[SourceDate "2021.11.30"]
[SourceVersion "1"]
[SourceVersionDate "2021.11.30"]
[SourceQuality "1"]

1. g3 Nf6 2. Bg2 g6 3. Nf3 Bg7 4. 0-0 0-0 5. d4 d5 6. c4 c6 7. cxd5 cxd5 8. Nc3 Nc6 9. Bf4 Ne4 10. Rc1 Nxc3 11. Rxc3 e6 12. Qd2 Bd7 13. Rfc1 Rc8 14. Bd6 Re8 15. e3 Bf8 16. Bxf8 Rxf8 17. Ne5 Qe7 18. Bf1 1/2-1/2

[Event "Arandjelovac Akva Gold IM3"]
[Site "Arandjelovac"]
[Date "2021.08.02"]
[Round "3"]
[White "Brkljaca, Ante"]
[Black "Cabrilo, Goran"]
[Result "1/2-1/2"]
[WhiteElo "2247"]
[BlackElo "2377"]
[PlyCount "22"]
[EventDate "2021.07.31"]
[EventType "tourn"]
[EventRounds "9"]
[EventCountry "SRB"]
[EventCategory "1"]
[SourceTitle "CBM 203 Extra"]
[Source "ChessBase"]
[SourceDate "2021.09.30"]
[SourceVersion "1"]
[SourceVersionDate "2021.09.30"]
[SourceQuality "1"]

1. e4 e5 2. Nf3 Nc6 3. Bb5 a6 4. Bxc6 dxc6 5. 0-0 f6 6. d4 exd4 7. Nxd4 c5 8. Nb3 Qxd1 9. Rxd1 Bd6 10. Be3 b6 11. N1d2 Be6 1/2-1/2

[Event "Belgrade Summer IM-B 2nd"]
[Site "Belgrade"]
[Date "2019.07.01"]
[Round "9"]
[White "Cabrilo, Goran"]
[Black "Eswaran, Ashritha"]
[Result "0-1"]
[WhiteElo "2392"]
[BlackElo "2221"]
[PlyCount "78"]
[EventDate "2019.06.24"]
[EventType "tourn"]
[EventRounds "9"]
[EventCountry "SRB"]
[EventCategory "2"]
[SourceTitle "EXT 2020"]
[Source "ChessBase"]
[SourceDate "2019.10.17"]
[SourceVersion "1"]
[SourceVersionDate "2019.10.17"]
[SourceQuality "1"]

1. e4 c5 2. Nf3 d6 3. d4 cxd4 4. Nxd4 Nf6 5. Nc3 g6 6. Be2 Bg7 7. 0-0 0-0 8. Re1 Nc6 9. Nb3 Be6 10. Bf1 d5 11. Nc5 d4 12. Nxe6 fxe6 13. Nb1 Nd7 14. Nd2 Kh8 15. Nf3 Nc5 16. Bd2 a5 17. a3 Qd6 18. Rb1 a4 19. Qe2 Kg8 20. Rbd1 d3 21. cxd3 Bxb2 22. Bh6 Bc3 23. Bxf8 Rxf8 24. d4 Nb3 25. d5 Ncd4 26. Nxd4 Nxd4 27. Qc4 Bxe1 28. Rxe1 e5 29. Qxa4 Qf6 30. f3 Qg5 31. Kh1 Rxf3 32. Qa8+ Rf8 33. Qxb7 Qf4 34. Bc4 Nf3 35. d6+ Kh8 36. g3 Qd2 37. Re2 Qd1+ 38. Kg2 Qg1+ 39. Kh3 Qf1+ 0-1

[Event "Belgrade Summer IM-B 2nd"]
[Site "Belgrade"]
[Date "2019.06.28"]
[Round "6"]
[White "Saksham, Rautela"]
[Black "Cabrilo, Goran"]
[Result "1-0"]
[WhiteElo "2210"]
[BlackElo "2392"]
[PlyCount "71"]
[EventDate "2019.06.24"]
[EventType "tourn"]
[EventRounds "9"]
[EventCountry "SRB"]
[EventCategory "2"]
[SourceTitle "EXT 2020"]
[Source "ChessBase"]
[SourceDate "2019.10.17"]
[SourceVersion "1"]
[SourceVersionDate "2019.10.17"]
[SourceQuality "1"]

1. e4 c5 2. Nf3 d6 3. Bb5+ Nc6 4. d4 cxd4 5. Qxd4 Bd7 6. Bxc6 Bxc6 7. Nc3 e6 8. Bg5 Nf6 9. 0-0-0 Be7 10. Rhe1 0-0 11. Qd3 Qa5 12. Bd2 Qc7 13. Nd4 a6 14. f4 b5 15. Nxc6 Qxc6 16. e5 dxe5 17. fxe5 Rfd8 18. Qf3 Nd5 19. Rf1 Qe8 20. Ne4 Rac8 21. Kb1 b4 22. g4 Rc7 23. g5 Bf8 24. Nf6+ Nxf6 25. gxf6 g6 26. h4 h5 27. Rg1 Rcd7 28. Rdf1 Kh7 29. Be3 Rd5 30. Rg5 Qb5 31. Rxh5+ Kg8 32. Rg1 R8d7 33. b3 Rxe5 34. Rhg5 Qd5 35. Qg4 Rf5 36. Rxg6+ 1-0

[Event "Belgrade-chT Quality"]
[Site "Belgrade"]
[Date "2018.09.22"]
[Round "6.1"]
[White "Budisavljevic, Luka"]
[Black "Cabrilo, Goran"]
[Result "1-0"]
[WhiteElo "2317"]
[BlackElo "2395"]
[PlyCount "101"]
[EventDate "2018.09.17"]
[EventType "team-tourn"]
[EventRounds "11"]
[EventCountry "SRB"]
[SourceTitle "CBM 186 Extra"]
[Source "ChessBase"]
[SourceDate "2018.08.24"]
[SourceVersion "1"]
[SourceVersionDate "2018.08.24"]
[SourceQuality "1"]
[WhiteTeam "Bogoslov"]
[BlackTeam "Belgrade CC"]
[WhiteTeamCountry "SRB"]
[BlackTeamCountry "SRB"]

1. d4 Nf6 2. Nf3 d6 3. Bf4 g6 4. h3 Bg7 5. e3 0-0 6. Be2 c5 7. c3 Be6 8. 0-0 Qb6 9. Qc1 Nc6 10. Nbd2 Rac8 11. Bh2 cxd4 12. exd4 Nd5 13. Nc4 Qd8 14. Qd2 Na5 15. Nxa5 Qxa5 16. Rfe1 Rfe8 17. Bd3 Bd7 18. Rac1 Nf6 19. a3 Bc6 20. Be2 Bd5 21. Bf4 Qa4 22. Bh6 Bh8 23. Bd1 Qd7 24. b3 Bxf3 25. Bxf3 d5 26. a4 a6 27. h4 e6 28. h5 Qd6 29. hxg6 hxg6 30. g3 Nd7 31. Kg2 Qa3 32. Rb1 Nf6 33. Rh1 Nd7 34. Qf4 Bf6 35. c4 dxc4 36. Bxb7 cxb3 37. Bxa6 Qxa4 38. Bg5 Bg7 39. Bxc8 Rxc8 40. Qf3 Rb8 41. Bf4 Rb6 42. Bc7 Rc6 43. Ra1 Qb5 44. Ra8+ Bf8 45. Be5 Nxe5 46. dxe5 Rc7 47. Rd1 Qb7 48. Rdd8 b2 49. Rxf8+ Kg7 50. Qxb7 Rxb7 51. Rh8 1-0

[Event "Belgrade-chT Quality"]
[Site "Belgrade"]
[Date "2018.09.17"]
[Round "1.1"]
[White "Cabrilo, Goran"]
[Black "Milosevic, Milos"]
[Result "1-0"]
[WhiteElo "2395"]
[BlackElo "2292"]
[PlyCount "131"]
[EventDate "2018.09.17"]
[EventType "team-tourn"]
[EventRounds "11"]
[EventCountry "SRB"]
[SourceTitle "CBM 186 Extra"]
[Source "ChessBase"]
[SourceDate "2018.08.24"]
[SourceVersion "1"]
[SourceVersionDate "2018.08.24"]
[SourceQuality "1"]
[WhiteTeam "Belgrade CC"]
[BlackTeam "Partizan"]
[WhiteTeamCountry "SRB"]
[BlackTeamCountry "SRB"]

1. e4 c5 2. Nf3 d6 3. d4 Nf6 4. Nc3 cxd4 5. Nxd4 a6 6. a4 e5 7. Nf3 Be7 8. Bc4 0-0 9. Bg5 Be6 10. Qe2 Qc7 11. Bb3 Nbd7 12. 0-0 h6 13. Bxf6 Nxf6 14. Rfd1 Rfc8 15. Nh4 Bxb3 16. cxb3 g6 17. g3 Rab8 18. Ng2 Kg7 19. Ne3 Qc6 20. Qf3 b5 21. axb5 axb5 22. Ncd5 Nxd5 23. Nxd5 Qb7 24. Qd3 Bd8 25. Kg2 Rc6 26. Rd2 Bg5 27. Re2 Rbc8 28. h4 Bd8 29. Rd1 Rc5 30. Red2 R5c6 31. Qf3 Rc5 32. Ne3 Be7 33. Nd5 Bd8 34. Qe3 Qb8 35. Ra1 R5c6 36. Qf3 Qb7 37. Rad1 Rc5 38. Nc3 Be7 39. b4 Rc4 40. Nd5 Bd8 41. b3 Rc1 42. Rxc1 Rxc1 43. Rb2 Rc6 44. h5 Bg5 45. Qg4 Rc1 46. hxg6 fxg6 47. Qe6 Rc6 48. f4 exf4 49. gxf4 Bd8 50. Kf3 Kh7 51. Rg2 Qg7 52. e5 Rc1 53. Qxd6 Bh4 54. Ne3 Rc3 55. Ke4 Rxb3 56. Rc2 Be7 57. Qe6 Rxb4+ 58. Kf3 Qf8 59. Nd5 Rxf4+ 60. Nxf4 g5 61. Qg6+ Kh8 62. Qe4 Qxf4+ 63. Qxf4 gxf4 64. Kxf4 Kg7 65. Kf5 Kf7 66. Rc6 1-0